Random Serbian Words - Statistics

General Stats
  • This quiz has been taken 2,065 times
  • The average score is 21 of 24
Answer Stats
Serbian English % Correct
Da Yes
98%
Brat Brother
96%
Evropa Europe
94%
Vampir Vampire
94%
Voda Water
94%
Crno Black
92%
Vino Wine
92%
Gitara Guitar
90%
Majka Mother
89%
Bog God
88%
Glava Head
88%
Pas Dog
87%
Oko Eye
87%
More Sea
86%
Zlato Gold
85%
Slatko Sweet
84%
Vreme Time
84%
Stolica Chair
83%
Staklo Glass
79%
Anđeo Angel
78%
Olovka Pencil
77%
Istok East
76%
Hiljadu Thousand
75%
Vazduh Air
73%
No matching quizzes found
Score Distribution
Percent of People with Each Score
Percentile by Number Answered
Your Score History
You have not taken this quiz